000 01683cam a2200361 ib4500
999 _c3959
_d3959
001 769192
003 INLPI
005 20241128092322.0
008 200107s2020 nyua c 6 000 f eng d
020 _a9781338535624
_q(hardback) :
040 _aT3L
_beng
_cNLPI
_dNLPI
_dKH8
_erda
042 _anbic
082 0 _a741.5973 PIL
100 1 _aPilkey, Dav,
_d1966-
_eauthor,
_eillustrator.
245 1 0 _aDog Man : Grime and punishment /
_cwritten and illustrated by Dav Pilkey, as George Beard and Harold Hutchins ; with color by Jose Garibaldi.
250 _aFirst edition.
264 1 _aNew York, New York :
_bGraphix, an imprint of Scholastic Inc.,
_c2020.
264 4 _c©2020.
300 _a236 pages :
_bcolor illustrations ;
_c22 cm.
336 _atext
_btxt
_2rdacontent.
336 _astill image
_bsti
_2rdacontent.
337 _aunmediated
_bn
_2rdamedia.
338 _avolume
_bnc
_2rdacarrier.
490 1 _aDog Man ;
_v9.
520 8 _aThe Supa Buddies bamboozled the baddies, but all's not right in the world. Dog Man has a new problem to pound, and he's going to need his entire pack to help him. Will he go barking up the wrong tree? Dav Pilkey's wildly popular Dog Man series appeals to readers of all ages and explores universally positive themes, including empathy, kindness, persistence, and the importance of doing good.
600 1 0 _aBeard, George
_c(Fictitious character)
_vComic books, strips, etc.
600 1 0 _aHutchins, Harold
_c(Fictitious character)
_vComic books, strips, etc.
650 0 _aDogs
_vComic books, strips, etc.
650 0 _aChildren's stories.
700 1 _aGaribaldi, Jose,
_ecolorist.
830 0 _aDog Man ;
_v9.
942 _2ddc
_cNFIC